| 000 | 01174namaa22002531 4500 | ||
|---|---|---|---|
| 001 | 173847 | ||
| 003 | ES-MaACL | ||
| 005 | 20230906215351.0 | ||
| 007 | t| | ||
| 008 | 100126s1858 sp |r |||| | spa d | ||
| 040 |
_aSpMaBN _bspa _cA2 _dSpMaBN _erdc |
||
| 080 | _a78.089.1 | ||
| 100 | 0 |
_aCamprodón, Francisco. _934301 |
|
| 245 | 1 | 3 |
_aEl dominó azul _b: zarzuela en tres actos y en verso / _coriginal de Don F. Camprodón ; música de D. Emilio Arrieta. |
| 250 | _a3ª ed. | ||
| 260 |
_aMadrid : _b[s.n.], _c1858 ( _fImp. de José Rodríguez) |
||
| 300 |
_a71 p., [1] h. ; _c17 cm. |
||
| 500 | _aPortada ilustrada con viñeta. | ||
| 500 | _aEn la portada: "Representada por primera vez en el Teatro del Circo, en el mes de febrero de 1853" | ||
| 500 | _aDed.: "A la Señora Doña Esperanza Lafont de Camprodón, ofrenda de cariño de su hijo, F. Camprodón" | ||
| 500 | _aSolo la letra. | ||
| 700 | 1 |
_aArrieta, Emilio. _923300 |
|
| 852 |
_aES-MaACL _jF-8622(1) _z.- Enc. pasta española _q.- Falto de la cub. origihal _z.- Enc. en un vol. facticio formando parte de la col. facticia "Teatro español moderno", vol. 77 _z.- Firma ms. de Gustavo Saenz Diez, 1877 |
||
| 999 |
_c173847 _d173847 |
||